000 00682nam a2200229Ia 4500
999 _c36265
_d36265
001 2172
003 GE_BSU
005 20221024163543.0
008 181216s2005en xx |||||||||||||| ||eng||
040 _cGE_BSU
041 _aeng
080 _a811.111(075.8) C-94
100 _aCarr Jane Comyns.
_91637
245 _aCuttinc EDCE. Pre-intermediate :
_bWoorbook /
_cJane Comyns Carr, Sarah Cuggigham, Peter moor.
264 _aEdinburgh,
_c2005.
300 _a111 p.:
_b28 cm.
653 _aCuttinc EDCE. Pre-intermediate.Woorbook.
653 _aინგლისური ენა
700 _aCuggigham, Sarah
_915496
700 _aMoor,Peter
_915497
942 _cBK
_2udc